steam的低价区 Steam low price zone - Statistics

General Stats
  • This quiz has been taken 35 times
  • The average score is 9 of 15
Answer Stats
艾尔登法环 价格区 空洞骑士 % Correct
19 阿根廷(拉丁美洲) 1
97%
5 土耳其(中东北非) 2
82%
6 俄罗斯 3
79%
11 巴西 16
76%
12 印度 11
67%
13 乌克兰 9
61%
17 南非 6
61%
1 印度尼西亚 7
55%
2 越南 4
48%
4 独联体(部分国家) 14
45%
10 马来西亚 10
45%
9 智利 20
42%
7 菲律宾 12
39%
20 哥伦比亚 19
39%
15 秘鲁 18
30%
No matching quizzes found
Score Distribution
Percent of People with Each Score
Percentile by Number Answered
Your Score History
You have not taken this quiz